000 01105pam a2200361 i 4500
001 4233
003 FISKH
005 20250808142848.0
008 781218t19791952nyua j 000 1 eng
010 _a 78031100
020 _a0688221874
020 _a0688321879 (lib. bdg.)
020 _a9780545326438
040 _aDLC
_cDLC
_dDLC
_beng
050 _aPZ7.C2696
082 _a823.914
100 1 _aCatling, Patrick Skene.
245 1 4 _aThe Chocolate touch /
_cPatrick Skene Catling ; pictures by Margot Apple.
250 _aFirst Scholastic, printing, November 2010
260 _aNew York :
_bScholastic,
_c1952.
300 _a126 pages :
_billustrations ;
_c20 cm
505 _aR
520 _aWhen John Midas acquires a magical gift, everything his lips touch turns into chocolate.
521 8 _a770
_bLexile
521 8 _aR
_bRaz-Plus
650 1 _aChocolate
_vFiction.
650 1 _aSchools
_vFiction.
650 1 _aHumorous stories.
700 1 _aApple, Margot.
906 _a7
_bcbc
_corignew
_d1
_eocip
_f19
_gy-gencatlg
942 _2ddc
_cBK
_n0
999 _c4233
_d4233